000 00408nam a2200145Ia 4500
008 151021s9999 xx 000 0 und d
020 _a9966925120
050 _aJQ 1875 .A55 E87 1998
245 _a_Ethics and Public Service in Africa
260 _aNairobi Quest&Insight publication 1998
300 _avii,84p.
500 _aIncludes Index
650 _a_ethics
980 _a^d20110316 10:53:29^okorir
999 _c6843
_d6843